Catálogo
 En Linea

Asesinato de Rafael Augusto (papito) Sánchez Sanlley y de Segundo Imbert Barrera / (Registro nro. 53091)

Detalles MARC
000 -CABECERA
campo de control de longitud fija 00856nam a22002417a 4500
003 - IDENTIFICADOR DEL NÚMERO DE CONTROL
campo de control DO-SdBNP
005 - FECHA Y HORA DE LA ÚLTIMA TRANSACCIÓN
campo de control 20221207160909.0
007 - CAMPO FIJO DE DESCRIPCIÓN FÍSICA--INFORMACIÓN GENERAL
campo de control de longitud fija ta
008 - DATOS DE LONGITUD FIJA--INFORMACIÓN GENERAL
campo de control de longitud fija 110301s2022 dr 000 0 spa d
020 ## - NÚMERO INTERNACIONAL ESTÁNDAR DEL LIBRO
Número Internacional Estándar del Libro 9789945934311
040 ## - FUENTE DE LA CATALOGACIÓN
Centro catalogador/agencia de origen DO-SdBNP
Lengua de catalogación spa
Centro/agencia transcriptor BNPHU
082 #4 - NÚMERO DE LA CLASIFICACIÓN DECIMAL DEWEY
Número de clasificación xxxx
Número de documento/Ítem S211a
100 ## - ENTRADA PRINCIPAL--NOMBRE DE PERSONA
Nombre de persona Sanchez, Rafael Augusto
9 (RLIN) 83004
245 10 - MENCIÓN DE TÍTULO
Título Asesinato de Rafael Augusto (papito) Sánchez Sanlley y de Segundo Imbert Barrera /
Mención de responsabilidad, etc. Rafael Augusto Sánchez (hijo), Manuel Cáceres Troncoso (memé) ; presentación Luisa de ^Peña Díaz
260 ## - PUBLICACIÓN, DISTRIBUCIÓN, ETC.
Lugar de publicación, distribución, etc. Santo Domingo :
Nombre del editor, distribuidor, etc. Museo Memorial de la Resistencia Dominicana,
Fecha de publicación, distribución, etc. 2022.
300 ## - DESCRIPCIÓN FÍSICA
Extensión 79 p. :
Dimensiones 22 cm.
490 ## - MENCIÓN DE SERIE
Mención de serie Tertulia
Designación de volumen o secuencia 6
590 ## - NOTA LOCAL (RLIN)
Nota local Inventariado, 2022/ YL
700 12 - PUNTO DE ACCESO ADICIONAL--NOMBRE DE PERSONA
Nombre de persona Cáceres Troncoso, Manuel
9 (RLIN) 83005
700 12 - PUNTO DE ACCESO ADICIONAL--NOMBRE DE PERSONA
Nombre de persona Peña Díaz, Luisa de
Término indicativo de función/relación pres.
9 (RLIN) 83006
910 ## - DATOS DE OPCIÓN DEL USUARIO (OCLC)
Datos de opción del usuario YLockward
942 ## - ELEMENTOS DE PUNTO DE ACCESO ADICIONAL (KOHA)
Fuente del sistema de clasificación o colocación Dewey Decimal Classification
Tipo de ítem Koha Libro
Existencias
Estado de retiro Estado de pérdida Fuente del sistema de clasificación o colocación Restricciones de uso No para préstamo Código de colección Localización permanente Ubicación/localización actual Ubicación en estantería Fecha de adquisición Fuente de adquisición Total de préstamos Signatura topográfica completa Código de barras Fecha visto por última vez Precio válido a partir de Tipo de ítem Koha Número de copia
    Dewey Decimal Classification Excluido de préstamo   Patrimonio Dominicano Biblioteca Nacional Pedro Henríquez Ureña Biblioteca Nacional Pedro Henríquez Ureña En catalogación 07.10.2022 Editora Búho   xxxx S211a 2022-5939 07.12.2022 07.12.2022 Libro  
    Dewey Decimal Classification Excluido de préstamo   Patrimonio Dominicano Biblioteca Nacional Pedro Henríquez Ureña Biblioteca Nacional Pedro Henríquez Ureña En catalogación 07.10.2022 Editora Búho   xxxx S211a 2022-5940 07.12.2022 07.12.2022 Libro e. 2
    Dewey Decimal Classification Préstamo en sala   Dominicana de Servicio Biblioteca Nacional Pedro Henríquez Ureña Biblioteca Nacional Pedro Henríquez Ureña En catalogación 07.10.2022 Editora Búho   xxxx S211a 2022-5941 07.12.2022 07.12.2022 Libro e. 3

Con tecnología Koha